Statistics for business and economics /

Сохранить в:
Библиографические подробности
Главный автор: McClave, James T.
Другие авторы: Benson, P. George, 1946-, Sincich, Terry
Формат:
Опубликовано: Upper Saddle River, NJ : Pearson/Prentice Hall, c2005
Редактирование:9th ed., annotated instructor's ed.
Предметы:
Метки: Добавить метку
Нет меток, Требуется 1-ая метка записи!

MARC

LEADER 00000cam a22000004a 4500
020 |a 0130466433 (intructor's ed.)  |c TZS 12,000 
040 |a MUL  |b eng  |e AACR 
082 0 0 |a 519.5 
100 1 |a McClave, James T. 
245 1 0 |a Statistics for business and economics /  |c James T. McClave, P. George Benson, Terry Sincich. 
250 |a 9th ed., annotated instructor's ed. 
260 |a Upper Saddle River, NJ :  |b Pearson/Prentice Hall,  |c c2005 
300 |a xxiii, 1173, A-10, I9 p. :  |b ill. ;  |c 27 cm. 
504 |a Includes bibliographical references and index. 
650 0 |a Commercial statistics. 
650 0 |a Economics 
650 0 |a Statistics. 
700 1 |a Benson, P. George,  |d 1946- 
700 1 |a Sincich, Terry. 
942 |c BK 
999 |c 3279  |d 3279